BIBLIOTHÈQUE DE LA MAISON DU MEXIQUE

Logo 1 Logo 2

Retablos y exvotos (notice nᵒ 5112)

détails MARC
000 -Sello discográfico
campo de control de longitud fija 01607nam0a2200469 4500
005 - Identificación de versión
campo de control 20251016084009.0
010 ## - Número Estándar Internacional de Libros (ISBN)
Número (ISBN) 970-683-010-3
035 ## - Otros números de control del sistema
Número de control del sistema 32973
099 ## - fechas locales
Tipo de ítem Koha LIBRO
100 ## - Datos de procesamiento general
Datos de procesamiento general 20110927d2000 m y0spay5003 ba
101 1# - Idioma del recurso
Idioma del texto, banda sonora, etc. Español; Castellano
-- Inglés
105 ## - Campo de datos codificados: Material textual, monográfico
Datos codificados de monografía a 001zy
200 1# - Título y mención de responsabilidad
Título propio Retablos y exvotos
Designación general del material texto impreso
Primer mención de responsabilidad Solange Alberro, Elin Luque Agraz, Michele Beltrán, ... [et al.]
Declaración de responsabilidad subsiguiente traducción Lisa Heller, Dianne Pearce, Richard Moszka
210 ## - Publicación, distribución, etc.
Lugar de publicación, distribución, etc. México
Nombre del editor, distribuidor, etc. Museo Franz Mayer
-- Artes de México
Fecha de publicación, distribución, etc. 2000
215 ## - Descripción física
Designación de material específico y extensión del ítem 83 p
Otras características físicas il.
Dimensiones 23 cm
318 ## - Nota de acción
Acción No se presta a domicilio
345 ## - Nota de información de adquisición
Fuente de adquisición/dirección de la suscripción [OBSOLETO] Donación 'Salon du Livre 2009'
410 ## - Series
Título Colección Uso y Estilo
Número de volumen 8
606 ## - Término temático usado como materia
Elemento de entrada Arte folklorico
Subdivisión geográfica México
Número Koha 10071
606 ## - Término temático usado como materia
Elemento de entrada Arte y simbolismo cristianos
Subdivisión cronológica Período moderno, 1500-
Subdivisión geográfica México
Número Koha 10072
606 ## - Término temático usado como materia
Elemento de entrada Exvotos en el arte
Subdivisión geográfica México
Número Koha 10073
606 ## - Término temático usado como materia
Elemento de entrada Exvotos
Subdivisión geográfica México
Número Koha 10074
606 ## - Término temático usado como materia
Elemento de entrada Pintura mexicana
Número Koha 1814
606 ## - Término temático usado como materia
Elemento de entrada Religión en el arte
Número Koha 10075
700 ## - Nombre personal - Responsabilidad primaria
Elemento de entrada Alberro
Parte del nombre distinta del elemento de entrada Solange
Fechas 1938-
Número Koha 2675
701 ## - Nombre personal - Responsabilidad alternativa
Elemento de entrada Beltrán
Parte del nombre distinta del elemento de entrada Michele
Número Koha 10076
701 ## - Nombre personal - Responsabilidad alternativa
Elemento de entrada Luque Agraz
Parte del nombre distinta del elemento de entrada Elin
Fechas 1953-
Número Koha 10077
702 ## - Nombre personal - Responsabilidad secundaria
Elemento de entrada Heller
Parte del nombre distinta del elemento de entrada Lisa
Número Koha 10078
702 ## - Nombre personal - Responsabilidad secundaria
Elemento de entrada Moszka
Parte del nombre distinta del elemento de entrada Richard
Número Koha 10051
702 ## - Nombre personal - Responsabilidad secundaria
Elemento de entrada Pearce
Parte del nombre distinta del elemento de entrada Dianne
Número Koha 10079
801 #0 - Fuente de origen
País FR
Agencia cm
Reglas de catalogación (convenciones descriptivas) AFNOR
900 ## -
-- 1/20572
942 ## - ELEMENTOS DE ENTRADA SECUNDARIOS (KOHA)
Tipo de ítem Koha Livre
996 ## -
-- MEX
-- 751145101
-- MMAG
-- 000464
-- R702 A781 V.8
-- 20110927LIV
Exemplaires
Estatus retirado Estado de daño Estado de pérdida Fecha de adquisición Biblioteca de origen Biblioteca actual Ubicación en estantería Código de barras Precio de reemplazo Signatura topográfica completa No para préstamo Tipo de ítem Koha Nota pública Nota no pública
      05/08/2025 Casa México Paris Casa México Paris   000464 05/08/2025 R702 A781 V.8 No se presta a domicilio Livre 20110927LIV 751145101